Movies Quiz

Random Movies Quiz

Con Air Quiz Stats

 Plays Quiz not verified by Sporcle

Also try: Star Wars Killers
Challenge
Share
Tweet
Embed
Score 0/20 Timer 10:00
0 Plays Today
Hint Answer % Correct
In which city does the film end?Las Vegas
87.9%
Johnny 23 has 23 convictions for what?Rape
81.8%
Which language does Cameron learn on tape in prison?Spanish
78.8%
Which medication does Baby-O need to stay aliveInsulin
75.8%
What song is playing after the plane has left Lerner air field?Sweet Home Alabama
67.7%
On which date is Cameron Poe due home?July 14th
66.7%
Where does Cyrus tell Vince that he is taking the plane?Disneyland
66.7%
Cyrus like to claim he has killed more men than ...Cancer
62.6%
Name the criminal pilot/fire engine driver?Swamp thing
55.6%
What does Diamong Dog nickname Poe?Hillbilly
50.5%
Hint Answer % Correct
What does Johnny 23 say people would call him if they knew the truth?Johnny 600
46.5%
What does Molley suggest that Larkin might be recycling?Sandals
37.4%
Gag and bag this... ...nazi muffin
37.4%
Which part of the prison did Billy Bedlam do his time?North block
33.3%
Name Diamond Dog's book.Reflections in a diamond eye
31.3%
What was written on the side of the plane that the transponder was put on?Uncle Bob's Scenic Tours
28.3%
What does Cameron predict his unborn daughter will be when he talks to his wife's gut in the bar?Miss Alabama
25.3%
Which 3 words does Larkin mime to his colleague's amusement?Firm fair vigilant
16.2%
Name Casey Poe's bully.Scottie Dalton.
12.1%
Which Russian writer does Larkin quote?Dostoevsky
6.1%

You're not logged in!

Compare scores with friends on all Sporcle quizzes.
Join for Free
OR
Log In

You Might Also Like...

Show Comments

Extras

Created Feb 3, 2015ReportFavoriteNominate
Tags:air, con

Top Quizzes Today


Score Distribution

Your Account Isn't Verified!

In order to create a playlist on Sporcle, you need to verify the email address you used during registration. Go to your Sporcle Settings to finish the process.

Report this User

Report this user for behavior that violates our Community Guidelines.

Details: